00665 2200253 4500001002100000005001700021008004100038020001800079035002400097082001200121090002000133100002600153245004700179260004200226300002400268440001700292650002100309850001600330980001400346985000600360999001500366999001500381999001500396YOGYA-0209000004055920090227025655.0 ind  a979-22-2829-8 0010-020900000040559 a028.592 a028.5bLan BlK aLANDOLF, Diane Wright aBarbie fairytopiacby Diane Wright Landolf aJakartabGramedia Pustaka Utamac2007 a32 hlmbilusc23 cm aPustaka awal aBacaan bergambar aYOPDYOG (B) a9-10-2007 a3 a07B0028967 a07B0028968 a07B0028969